[Event "FIDE World Cup 2023"]
[Site "Baku AZE"]
[Date "2023.07.31"]
[Round "1.2"]
[White "Cordova, E."]
[Black "Gareev, T."]
[Result "1-0"]
[WhiteElo "2542"]
[BlackElo "2581"]
[PlyCount "83"]
[EventDate "2023.07.30"]
[EventType "k.o."]

1. Nf3 g6 2. g3 Bg7 3. d4 c5 4. c3 Qa5 5. Bg2 cxd4 6. Nxd4 Nf6 7. a4 d5 8. O-O O-O 9. Bg5 Nbd7 10. Qc1 $146 ({RR} 10. Nb3 Qa6 11. N1d2 h6 12. Bxf6 Nxf6 13. e4 Nxe4 14. Nxe4 dxe4 15. Bxe4 Qc4 16. Re1 Qc7 17. Qe2 Rb8 18. Qe3 a6 19. Bg2 e6 20. Qc5 Qxc5 21. Nxc5 b6 22. Ne4 Rd8 23. Red1 Bb7 24. Nd6 Bxg2 {Nogueiras Santiago,J (2547)-Milov,V (2652) Merida 2005 ½-½ (32)}) 10... e5 11. b4 Qb6 12. a5 Qa6 13. b5 Qd6 14. Nc2 Ne4 15. Be3 f5 16. Rd1 Qe6 17. Nb4 f4 18. gxf4 exf4 19. Bxf4 Ndf6 20. f3 Nd6 21. Qe3 Nxb5 22. Qxe6+ Bxe6 23. Be5 Rac8 24. a6 b6 25. Bxf6 Rxf6 26. Nxd5 Rf7 27. Ra4 Rc5 28. f4 Kf8 29. c4 Nd4 30. e3 Nf5 31. Na3 Bh6 32. Kf2 Nh4 33. Nb5 g5 34. Nd6 Rd7 35. Nxb6 gxf4 36. exf4 Nxg2 37. Nxd7+ Bxd7 38. Rb4 Nxf4 39. Rb8+ Ke7 40. Rb7 Nh3+ 41. Kf1 Rc6 42. Rxa7 1-0

[Event "FIDE World Cup 2023"]
[Site "Baku AZE"]
[Date "2023.07.31"]
[Round "1.2"]
[White "Pantsulaia, L."]
[Black "Harsha, B."]
[Result "1-0"]
[WhiteElo "2564"]
[BlackElo "2563"]
[PlyCount "61"]
[EventDate "2023.07.30"]
[EventType "k.o."]

1. Nf3 d5 2. c4 d4 3. b4 c5 4. e3 Nf6 5. exd4 cxd4 6. Bb2 e5 ({RR} 6... Bg4 7. Qa4+ Nbd7 8. Nxd4 e5 9. Nc2 a5 10. Bxe5 axb4 11. Bxf6 Be7 12. Qxb4 Nxf6 13. c5 O-O 14. Nc3 Re8 15. Ne3 Rc8 16. Bb5 Bxc5 17. Qb2 Re6 18. O-O Rd6 19. d3 Bxe3 20. fxe3 Qb6 21. Rac1 {Cifka,S (2406)-Haba,P (2425) Czech Republic CZE 2025 0-1 (41)}) 7. Nxe5 Nc6 8. Nxc6 bxc6 9. a3 $146 ({RR} 9. Qe2+ Be7 10. Qd3 c5 11. bxc5 Bxc5 12. Be2 O-O 13. O-O g6 14. Qc2 Bb7 15. d3 Re8 16. Qd1 Rb8 17. Bc1 Qd6 18. Bf3 Bxf3 19. Qxf3 Rb6 20. Bf4 Qd7 21. Bg5 Ng4 22. Nd2 h6 23. Bf4 g5 {Tscharotschkin,M (2200)-Tuchtfeld,J (2051) Caleta 2013 1-0 (67)}) 9... c5 10. Be2 Bd6 11. d3 O-O 12. Nd2 cxb4 13. axb4 Bxb4 14. O-O Qb6 15. Nb3 Rd8 16. Qc2 Bg4 17. c5 Qe6 18. Bxg4 Nxg4 19. h3 Ne5 20. Bxd4 Nc6 21. Be3 a5 22. Rfd1 Rd7 23. Nd2 Rad8 24. Nc4 Qg6 25. Nd6 Ne5 26. Qe2 Nc6 27. d4 Ne7 28. d5 Bc3 29. Rac1 Bb4 30. Bf4 h6 31. c6 1-0

[Event "Titled Tue 25th Jul Early"]
[Site "chess.com INT"]
[Date "2023.07.25"]
[Round "5"]
[White "Dubov, Daniil"]
[Black "Terry, R."]
[Result "1-0"]
[WhiteElo "2716"]
[BlackElo "2520"]
[PlyCount "71"]
[EventDate "2023.07.25"]

1. Nf3 d5 2. g3 Nf6 3. Bg2 c6 4. d3 Bg4 5. h3 Bh5 6. g4 Bg6 7. Nh4 e5 ({RR} 7... Nbd7 8. Nd2 e6 9. e3 Bd6 10. Qe2 Ng8 11. Nxg6 hxg6 12. a3 Ne7 13. b3 g5 14. Bb2 Be5 15. d4 Bd6 16. c4 Ng6 17. b4 Nh4 18. Kf1 Qf6 19. Rc1 Qg6 20. e4 Nxg2 21. Kxg2 dxe4 22. Nxe4 {Duda,J (2726)-Maghsoodloo,P (2707) chess.com INT 2023 0-1 (35)}) ({RR} 7... Nbd7 8. O-O e5 9. e3 Bd6 10. Nd2 Qc7 11. a3 a5 12. b3 O-O 13. Bb2 Rfe8 14. Qe2 d4 15. e4 Nf8 16. Nc4 Ne6 17. Bc1 Nf4 18. Qf3 Be7 19. Nf5 Bxf5 20. exf5 N6d5 21. Re1 Bg5 22. Nd2 {Boyer,M (2480)-Kozlov,D (2099) chess.com INT 2024 1-0 (107)}) 8. e3 Bd6 9. O-O $146 ({RR} 9. Qe2 O-O 10. Nd2 Nbd7 11. a3 Re8 12. Nxg6 hxg6 13. b3 Nc5 14. Bb2 a5 15. g5 Nh5 16. Qg4 Qe7 17. h4 Ne6 18. Rg1 Rf8 19. Qe2 f5 20. gxf6 Rxf6 21. Qg4 Raf8 22. Bh3 R8f7 23. Rg2 Nf8 {Salgado Lopez,I (2622)-Ankit,R (2494) Doha 2014 1-0 (40)}) 9... O-O 10. f4 Nfd7 11. Nxg6 fxg6 12. c4 d4 13. exd4 exd4 14. Na3 Qc7 15. Nc2 c5 16. b4 Nc6 17. b5 Ne7 18. Bd2 Rae8 19. Qf3 Ne5 20. Qe4 Nd7 21. Qxb7 Qd8 22. Rae1 g5 23. f5 Ne5 24. Bxg5 h6 25. Bh4 Nxd3 26. Re6 Nf4 27. Rxf4 Bxf4 28. Bxe7 Qa5 29. Qe4 Qd2 30. f6 Rf7 31. Bxc5 Rxe6 32. Qxe6 Qc1+ 33. Ne1 Be3+ 34. Kf1 gxf6 35. Bd5 Kh8 36. Qe8+ 1-0

[Event "Titled Tue 25th Jul Early"]
[Site "chess.com INT"]
[Date "2023.07.25"]
[Round "5"]
[White "Vachier Lagrave, M."]
[Black "Kravtsiv, M."]
[Result "1-0"]
[WhiteElo "2739"]
[BlackElo "2598"]
[PlyCount "97"]
[EventDate "2023.07.25"]

1. Nf3 d5 2. g3 Nf6 3. Bg2 e6 4. b3 Be7 5. Bb2 c5 6. e3 O-O 7. c4 Nc6 8. O-O d4 9. exd4 cxd4 10. Re1 a5 11. Na3 Bc5 ({RR} 11... a4 12. d3 Re8 13. Nb5 Bb4 14. Re2 Bc5 15. bxa4 e5 16. Nd2 Bg4 17. Bf3 Bxf3 18. Nxf3 e4 19. Nd2 e3 20. Nb3 Ng4 21. Nxc5 exf2+ 22. Rxf2 Nxf2 23. Kxf2 Qg5 24. Ne4 Qe3+ 25. Kg2 Ne5 26. Nf2 {Nakamura,H (2778)-Sychev,K (2542) chess.com INT 2023 1-0 (51)}) ({RR} 11... Bxa3 12. Bxa3 Re8 13. Ne5 Qc7 14. f4 a4 15. Nxc6 bxc6 16. Bc5 Rd8 17. b4 d3 18. Qf3 Bb7 19. a3 Nd7 20. Bd4 Nb6 21. Be5 Qd7 22. Rac1 Rac8 23. c5 Nd5 24. Qxd3 Nc7 25. Qxd7 Rxd7 26. Bxc7 {Cordova,E (2531)-Moses,K (1978) Charlotte USA 2025 1-0 (42)}) 12. Nb5 Ra6 $146 ({RR} 12... Re8 13. Ne5 Nxe5 14. Rxe5 Nd7 15. Rxc5 Nxc5 16. Bxd4 Nd7 17. Nd6 Rf8 18. Nxb7 Qc7 19. Nc5 Rb8 20. Na4 e5 21. Be3 Bb7 22. Nc3 Bxg2 23. Kxg2 Nf6 24. Bg5 Qc6+ 25. Qf3 Qxf3+ 26. Kxf3 Nd7 27. Nd5 {Mikhalevski,V (2516)-Fernandez,G (2269) Chess.com INT 2017 0-1 (100)}) 13. d3 Re8 14. Ne5 Na7 15. Rc1 Bb4 16. Re2 Nxb5 17. cxb5 Ra8 18. Rc4 Bc3 19. Bxc3 dxc3 20. Rxc3 Nd5 21. Rc4 f6 22. Nf3 e5 23. Qd2 Nb6 24. Rc1 a4 25. b4 Be6 26. a3 Rc8 27. Ree1 Qd7 28. Rc5 Nd5 29. d4 Rxc5 30. dxc5 Rd8 31. b6 Nxb6 32. cxb6 Qxd2 33. Nxd2 Rxd2 34. Bxb7 Rd6 35. Rc1 Rxb6 36. Bc6 Bb3 37. f4 Kf7 38. fxe5 fxe5 39. Kf2 Ke6 40. Ke3 Rb8 41. Be4 h6 42. Rc6+ Ke7 43. h4 Rd8 44. Rc7+ Kf6 45. Bd3 Rd4 46. b5 Rg4 47. b6 Rxg3+ 48. Kf2 Rxd3 49. b7 1-0

[Event "Titled Tue 25th Jul Early"]
[Site "chess.com INT"]
[Date "2023.07.25"]
[Round "7"]
[White "Dubov, Daniil"]
[Black "Iturrizaga Bonelli, Eduardo"]
[Result "1-0"]
[WhiteElo "2716"]
[BlackElo "2617"]
[PlyCount "115"]
[EventDate "2023.07.25"]

1. Nf3 Nf6 2. g3 g6 3. Bg2 Bg7 4. O-O O-O 5. c4 c6 6. Qc2 d5 7. b3 a5 8. Bb2 ({RR} 8. Nc3 d4 9. Nb1 e5 10. d3 e4 11. dxe4 Nxe4 12. Qxe4 Re8 13. Qd3 Bf5 14. Qd2 d3 15. Nc3 dxe2 16. Re1 Na6 17. Nh4 Nb4 18. Nxf5 Qxd2 19. Bxd2 gxf5 20. Rab1 Rad8 21. Be3 Bxc3 22. Rxe2 Nd3 {Korneev,S (2181)-Luque Saiz,A (2343) Benidorm ESP 2024 ½-½}) 8... a4 ({RR} 8... Na6 9. d3 Bg4 10. Nbd2 Bxf3 11. Nxf3 e6 12. Rfd1 Nd7 13. d4 b5 14. e3 Qe7 15. Rac1 Rfb8 16. cxd5 cxd5 17. Bf1 Nb4 18. Qb1 Qd6 19. Rd2 a4 20. Ba3 Bf8 21. Rb2 Qb6 22. bxa4 bxa4 23. h4 {Artemiev,V (2701)-Dardha,D (2613) chess.com INT 2023 1-0 (35)}) 9. d3 axb3 $146 ({RR} 9... Bg4 10. Nbd2 Nbd7 11. Rfe1 Re8 12. Ne5 Nxe5 13. Bxe5 Qa5 14. Bc3 Qa7 15. b4 e5 16. a3 Rad8 17. e3 h5 18. Rac1 Bf5 19. cxd5 Nxd5 20. e4 Nxc3 21. exf5 Nb5 22. fxg6 fxg6 23. Be4 Nd4 24. Qd1 {Pantsulaia,L (2612)-Galkin,A (2590) Playchess.com INT 2007 1-0 (34)}) 10. axb3 Rxa1 11. Bxa1 Na6 12. Bc3 Re8 13. Qb2 Bg4 14. Nbd2 Bxf3 15. Nxf3 e6 16. Ra1 Nh5 17. Ne5 Nc5 18. b4 Nd7 19. Nxd7 Qxd7 20. Bf3 Bxc3 21. Qxc3 Ng7 22. b5 Nf5 23. Ra7 cxb5 24. cxd5 exd5 25. Qc5 Qc6 26. Qxd5 Rxe2 27. Qxc6 Re1+ 28. Kg2 bxc6 29. Bxc6 Re5 30. Rd7 b4 31. Bd5 Re7 32. Rd8+ Kg7 33. Rb8 Rd7 34. Bc4 Nd6 35. Rxb4 Nxc4 36. dxc4 Rd2 37. Rb7 Rc2 38. Rc7 h5 39. h4 Kf6 40. Kf3 Ke6 41. Ke3 f6 42. Rc6+ Kf5 43. Rc5+ Kg4 44. Rc6 Kf5 45. c5 Ke5 46. Rc8 Kd5 47. Rd8+ Ke6 48. Rd6+ Ke5 49. f4+ Kf5 50. c6 g5 51. hxg5 fxg5 52. Rd5+ Kf6 53. Rxg5 h4 54. g4 Rxc6 55. Rh5 Rc3+ 56. Kd4 Rh3 57. Ke4 Kg6 58. f5+ 1-0

[Event "Titled Tue 25th Jul Early"]
[Site "chess.com INT"]
[Date "2023.07.25"]
[Round "9"]
[White "Kevlishvili, Robby"]
[Black "Tristan, L."]
[Result "1-0"]
[WhiteElo "2529"]
[BlackElo "2526"]
[PlyCount "101"]
[EventDate "2023.07.25"]

1. Nf3 d5 2. g3 Nf6 3. Bg2 Bf5 4. O-O e6 5. d3 Be7 6. Nbd2 O-O 7. c4 c6 8. Qc2 h6 9. b3 Bh7 10. Bb2 Nbd7 11. Rad1 a5 ({RR} 11... Re8 12. e4 dxe4 13. dxe4 Nc5 14. Ne5 a5 15. Rfe1 Qb6 16. Bd4 Rad8 17. Be3 a4 18. Rb1 Qc7 19. Bxc5 Bxc5 20. Nd3 Ba7 21. Rbd1 axb3 22. axb3 Ng4 23. c5 Rxd3 24. Qxd3 Bxc5 25. Rf1 g5 26. Qe2 {Predke,A (2684)-Jobava,B (2578) chess.com INT 2022 1-0 (45)}) 12. e4 ({RR} 12. Qb1 a4 13. Qa1 axb3 14. Nxb3 Qb6 15. Ne5 Nxe5 16. Bxe5 Qa6 17. cxd5 cxd5 18. Rd2 Rfc8 19. h3 Qa4 20. Rb1 b5 21. Qb2 b4 22. Rc1 Qa6 23. Rdc2 Bg6 24. Nd4 Nd7 25. Bxg7 Rxc2 26. Rxc2 Qa3 {Srbis,J (2409)-Kreken,E (2303) chess.com INT 2024 1-0 (49)}) 12... dxe4 13. Nxe4 a4 14. Rfe1 $146 ({RR} 14. Nd4 Qb6 15. Ne2 Rfd8 16. N2c3 axb3 17. axb3 Nxe4 18. Bxe4 f5 19. Bg2 e5 20. Na4 Qc7 21. d4 e4 22. c5 Nf6 23. Nb6 Ra6 24. Ra1 Rxa1 25. Rxa1 Bg6 26. Bf1 Kh7 27. b4 Nd5 28. Nxd5 Rxd5 {Garcia Orus,F-Bagirov,V Oberhausen 1961 0-1 (56)}) 14... Qa5 15. Bc3 axb3 16. axb3 Qa2 17. Qxa2 Rxa2 18. Ne5 Nxe4 19. dxe4 Nc5 20. Bb4 Re8 21. Bf3 Rb2 22. Bxc5 Bxc5 23. Nd3 Rxb3 24. Nxc5 Rxf3 25. Nxb7 Rc3 26. Nd6 Ra8 27. Rc1 Rxc1 28. Rxc1 Bg6 29. c5 Ra4 30. f3 Ra2 31. Rb1 Rc2 32. Rb8+ Kh7 33. Rb7 f6 34. Re7 e5 35. Nb7 Bh5 36. g4 Bg6 37. Nd8 h5 38. h3 Rc1+ 39. Kf2 Rxc5 40. Ne6 Rc2+ 41. Kf1 Rc1+ 42. Ke2 Kh6 43. Rxg7 Rc2+ 44. Ke3 Rh2 45. Rg8 Rxh3 46. g5+ fxg5 47. Rh8+ Bh7 48. Rxh7+ Kxh7 49. Nxg5+ Kg6 50. Nxh3 c5 51. Kd3 1-0

[Event "Titled Tue 25th Jul Early"]
[Site "chess.com INT"]
[Date "2023.07.25"]
[Round "11"]
[White "Kravtsiv, M."]
[Black "Bluebaum, M."]
[Result "1-0"]
[WhiteElo "2598"]
[BlackElo "2672"]
[PlyCount "65"]
[EventDate "2023.07.25"]

1. Nf3 d5 2. g3 e6 3. Bg2 Nf6 4. O-O Bd6 5. d4 O-O 6. c4 Nc6 7. Nbd2 a5 8. b3 ({RR} 8. Qc2 Nb4 9. Qb1 c5 10. dxc5 Bxc5 11. b3 d4 12. Ne5 Qc7 13. Ndf3 Nd7 14. Bf4 Nxe5 15. Bxe5 Qd8 16. Rd1 Nc6 17. e3 Nxe5 18. Nxe5 Qb6 19. e4 f6 20. Nd3 e5 21. a3 Be6 22. f4 Bd6 {Sowinski,P (2434)-Bluebaum,M (2643) chess.com INT 2025 1-0 (53)}) 8... Ne4 9. Bb2 f5 10. e3 a4 $146 ({RR} 10... b6 11. Ne5 Nxe5 12. dxe5 Bb4 13. Nf3 dxc4 14. bxc4 a4 15. a3 Be7 16. Nd4 Qd7 17. Qc2 Bb7 18. Rad1 Qc8 19. Kh1 Ra5 20. g4 g6 21. gxf5 gxf5 22. Rg1 Kh8 23. f3 Nc5 24. f4 Ne4 25. Bf3 {Fridman,D (2590)-Ghimpu,S (2467) Bucharest ROU 2024 0-1 (58)}) 11. Nxe4 dxe4 12. Nd2 a3 13. Bc3 Bb4 14. Qc2 Qe7 15. c5 b6 16. Rfc1 Ba6 17. Nxe4 fxe4 18. Bxe4 Bxc3 19. Qxc3 Bb5 20. cxb6 cxb6 21. Bxc6 Rac8 22. d5 Qf7 23. Qd2 Rxc6 24. dxc6 Qf3 25. c7 Ba6 26. e4 Qxe4 27. Qe3 Qd5 28. Rd1 Qh5 29. Rd8 Bc8 30. Rxc8 Qxh2+ 31. Kxh2 Rxc8 32. Qxe6+ Kh8 33. Qxc8# 1-0

[Event "Titled Tue 25th Jul Late"]
[Site "chess.com INT"]
[Date "2023.07.25"]
[Round "9"]
[White "Nihal, Sarin"]
[Black "Sjugirov, S."]
[Result "1-0"]
[WhiteElo "2688"]
[BlackElo "2699"]
[PlyCount "75"]
[EventDate "2023.07.25"]

1. Nf3 Nf6 2. b3 g6 3. Bb2 Bg7 4. c4 O-O 5. g3 b6 6. Bg2 Bb7 7. O-O c5 8. d4 cxd4 9. Qxd4 d6 10. Rd1 Nbd7 11. Nc3 Rc8 12. Qd2 ({RR} 12. Qe3 Re8 13. Rac1 a6 14. Ba1 Rc5 15. a4 Qa8 16. Ne1 Rf5 17. Bxb7 Qxb7 18. f3 h5 19. Ng2 Rc5 20. Bb2 Rcc8 21. Ba3 Nc5 22. Rb1 Ne6 23. Qd3 Nc7 24. Nf4 b5 25. cxb5 axb5 26. Nxb5 Nxb5 {Karpov,A (2705)-Kasparov,G (2740) London/Leningrad 1986 ½-½ (32)}) ({RR} 12. Qe3 a6 13. h3 Nc5 14. Rac1 Nfe4 15. b4 Nxc3 16. Bxc3 Ne6 17. Bxg7 Kxg7 18. Nd4 Bxg2 19. Nxe6+ fxe6 20. Kxg2 e5 21. c5 bxc5 22. bxc5 Rc6 23. cxd6 Rxd6 24. Qxe5+ Kg8 25. Rxd6 exd6 26. Qd5+ Kg7 {Warmerdam,M (2630)-Ranaldi,L (2364) chess.com INT 2025 1-0 (42)}) 12... Nc5 13. Rac1 Nfe4 $146 ({RR} 13... Qd7 14. Ne5 Qc7 15. Nd3 Bxg2 16. Kxg2 Qb7+ 17. Kg1 Nce4 18. Qe3 Nxc3 19. Bxc3 Ng4 20. Qf4 Bxc3 21. Qxg4 Bg7 22. Nb4 f5 23. Qf4 Rf7 24. Nd5 Be5 25. Qd2 Qd7 26. f4 Bg7 27. a4 Qc6 28. Qe3 {Vukic,M (2495)-Partos,C (2415) Biel 1977 ½-½ (77)}) 14. Nxe4 Nxe4 15. Qc2 Bxb2 16. Qxb2 Qc7 17. h4 Qc5 18. e3 Nf6 19. Ne1 Bxg2 20. Kxg2 b5 21. Nd3 Qb6 22. cxb5 Qxb5 23. Nf4 a5 24. Qe2 Qb4 25. Qf3 a4 26. Rxc8 Rxc8 27. Rd4 Qe1 28. Nd3 Qb1 29. bxa4 Qxa2 30. Nb4 Qa1 31. Nd3 Rc2 32. Qb7 Kf8 33. Qb3 Rc3 34. Qb6 Rc8 35. Qb7 Qc3 36. a5 Rc7 37. Qb5 Ra7 38. Qb8+ 1-0

[Event "FIDE World Cup 2023"]
[Site "Baku AZE"]
[Date "2023.08.01"]
[Round "1.3"]
[White "Mchedlishvili, M."]
[Black "Laurusas, T."]
[Result "1-0"]
[WhiteElo "2561"]
[BlackElo "2566"]
[PlyCount "125"]
[EventDate "2023.07.30"]
[EventType "k.o."]

1. Nf3 d5 2. c4 c6 3. g3 Nf6 4. Bg2 Bf5 5. Qb3 Qb6 6. d3 e6 7. Be3 Qxb3 8. axb3 a6 9. Bd4 Nbd7 10. Bc3 h6 11. Nbd2 Bd6 ({RR} 11... Be7 12. O-O O-O 13. b4 Rfd8 14. Rfc1 Rac8 15. Nb3 Bd6 16. Na5 Rc7 17. Nd4 Bg6 18. c5 Be7 19. Nxb7 Rxb7 20. Nxc6 Nb8 21. Nxe7+ Rxe7 22. Be5 Nc6 23. Bc3 Ra7 24. Ra4 Rda8 25. Rca1 Nd7 26. b5 {Bus,T (2104)-Tinmaz,K (2015) chess.com INT 2025 0-1 (68)}) 12. b4 O-O 13. O-O Bh7 $146 ({RR} 13... e5 14. Nb3 e4 15. dxe4 Bxe4 16. Na5 Rab8 17. Rfd1 Rfe8 18. Nd4 Ne5 19. Bxe4 Nxe4 20. cxd5 cxd5 21. Nf5 Bf8 22. Rxd5 Nc6 23. Nxc6 bxc6 24. Rd3 Nxc3 25. bxc3 c5 26. e3 cxb4 27. cxb4 Re6 28. Nd4 {Oparin,G (2681)-Pakleza,Z (2482) chess.com INT 2023 1-0 (92)}) 14. Nb3 Rfe8 15. Na5 Rab8 16. Rfd1 Bc7 17. Nd2 e5 18. Ndb3 Bb6 19. e3 Bf5 20. e4 Be6 21. exd5 cxd5 22. c5 Bxa5 23. Nxa5 d4 24. Bd2 Bd5 25. Rdc1 Bxg2 26. Kxg2 Re6 27. Nc4 Nd5 28. Nd6 Ne7 29. b5 axb5 30. b4 Nd5 31. Nxb5 N7f6 32. Ra7 Rc6 33. Nd6 b6 34. Nxf7 e4 35. Ne5 Re6 36. Nd7 e3 37. Nxb8 exd2 38. Rd1 Ne3+ 39. fxe3 dxe3 40. Raa1 bxc5 41. bxc5 Nd5 42. c6 Kf7 43. Nd7 Ke7 44. Nc5 Rxc6 45. Ne4 Rc8 46. Kf3 Ke6 47. Ke2 Ke5 48. Ra5 Rc1 49. Nxd2 exd2 50. Kxd2 Rc7 51. Re1+ Kd6 52. Ra6+ Kd7 53. Rea1 Rc8 54. Ra7+ Ke6 55. Rxg7 Nb4 56. Rc1 Ra8 57. Rg6+ Ke5 58. Rxh6 Ra2+ 59. Ke3 Nc2+ 60. Rxc2 Rxc2 61. h4 Kf5 62. Rh5+ Kf6 63. Rg5 1-0

[Event "FIDE World Cup 2023"]
[Site "Baku AZE"]
[Date "2023.08.01"]
[Round "1.3"]
[White "Pantsulaia, L."]
[Black "Harsha, B."]
[Result "1-0"]
[WhiteElo "2564"]
[BlackElo "2563"]
[PlyCount "149"]
[EventDate "2023.07.30"]
[EventType "k.o."]

1. Nf3 d5 2. c4 d4 3. g3 Nc6 4. Bg2 e5 5. d3 Bb4+ 6. Bd2 a5 7. Bxb4 axb4 8. O-O Nf6 9. Nbd2 O-O 10. Ne1 ({RR} 10. Re1 Re8 11. Qc2 h6 12. Nb3 Qd6 13. Nfd2 Bf5 14. Red1 Qe7 15. Nf1 e4 16. dxe4 Nxe4 17. Qd3 Nd6 18. Qf3 Be4 19. Qf4 g5 20. Qd2 Nxc4 21. Qc1 Bxg2 22. Qxc4 Bxf1 23. Kxf1 Rad8 24. Nxd4 Qe4 {Kacharava,N (2527)-Ivic,V (2596) chess.com INT 2024 0-1}) 10... h5 $146 ({RR} 10... Bg4 11. Nc2 Re8 12. Nb3 Qc8 13. Qd2 Bh3 14. Nxb4 Nxb4 15. Qxb4 e4 16. c5 Nd5 17. Qxd4 Nf4 18. Rfe1 Nxg2 19. Red1 Nf4 20. Qe3 Nd5 21. Qd4 exd3 22. Qxd5 dxe2 23. Re1 Qg4 24. f3 Qb4 25. Qd2 {Zaragatski,I (2493)-Jessel,S (2285) chess.com INT 2023 0-1 (38)}) 11. h4 Bf5 12. Nc2 Qd7 13. Nb3 Bh3 14. Qd2 Bxg2 15. Kxg2 Qd6 16. f3 Ra4 17. Qg5 Rfa8 18. a3 bxa3 19. bxa3 Nd8 20. Nd2 Ne6 21. Qf5 g6 22. Qh3 Nc5 23. Kg1 Kg7 24. Qg2 Re8 25. Rab1 Raa8 26. Rf2 Qd7 27. Rb5 c6 28. Rb1 Re7 29. Rff1 Qc7 30. Rb4 Na6 31. Rbb1 Nc5 32. Rb4 Qd6 33. Rfb1 Rg8 34. Nb3 Nfd7 35. Na5 b6 36. Nb3 Ne6 37. Nd2 f5 38. Kf2 Rf7 39. Ke1 Re8 40. Qg1 Nec5 41. Kd1 Ra8 42. f4 Na4 43. Rxa4 Rxa4 44. fxe5 Qxe5 45. Nf3 Qf6 46. Qxd4 c5 47. Qxf6+ Rxf6 48. Kd2 f4 49. Rg1 fxg3 50. Rxg3 Ra8 51. Rg5 Rf5 52. Rg1 Kh6 53. Ne3 Rff8 54. Ra1 Nf6 55. Rb1 Rxa3 56. Rxb6 Ra2+ 57. Nc2 Nd7 58. Rb7 Nf6 59. Ng5 Rfa8 60. Nf7+ Kg7 61. Ne5+ Kh6 62. Nf7+ Kg7 63. Ng5+ Kh6 64. Rc7 R2a5 65. Nf7+ Kg7 66. Ng5+ Kh6 67. Ne6 Re8 68. Nxc5 g5 69. hxg5+ Kxg5 70. Nd4 Ra2+ 71. Kc3 h4 72. Rg7+ Kh5 73. Nce6 h3 74. Nf4+ Kh6 75. Nf5# 1-0

[Event "FIDE World Cup 2023"]
[Site "Baku AZE"]
[Date "2023.08.01"]
[Round "1.4"]
[White "Kozul, Z."]
[Black "Sanal, V."]
[Result "1-0"]
[WhiteElo "2532"]
[BlackElo "2585"]
[PlyCount "83"]
[EventDate "2023.07.30"]
[EventType "k.o."]

1. Nf3 d5 2. g3 g6 3. Bg2 Bg7 4. d4 Nf6 5. O-O O-O 6. c3 c6 7. Nbd2 Nbd7 8. Re1 c5 9. a4 a5 ({RR} 9... cxd4 10. cxd4 a5 11. Nb1 Nb8 12. Nc3 Nc6 13. Ne5 Bf5 14. Bg5 Nb4 15. Rc1 Ne4 16. Be3 Nxc3 17. bxc3 Nc6 18. Qb3 Bxe5 19. dxe5 Be4 20. Bxe4 dxe4 21. e6 Qc8 22. Bh6 f5 23. Bxf8 Qxf8 24. Qxb7 {Kramnik,V (2800)-Dubov,D (2701) Moscow 2018 1-0}) 10. Nb3 $146 ({RR} 10. Qb3 Re8 11. e4 cxd4 12. cxd4 dxe4 13. Ng5 Rf8 14. Nc4 Ra6 15. Bd2 Nb6 16. Bxa5 Qd5 17. Bxb6 Qxg5 18. Bc5 Nd7 19. Ba3 Bxd4 20. Qd1 Qf6 21. Rxe4 Qxf2+ 22. Kh1 Bf6 23. Ne3 Re6 24. Ng4 Qb6 {Mosadeghpour,M (2439)-Piliposyan,R (2376) Vanadzor ARM 2024 0-1 (32)}) ({RR} 10. b3 b6 11. Bb2 Bb7 12. e3 e6 13. Rc1 Qc7 14. Nb1 Rfd8 15. Na3 Rac8 16. Nb5 Qb8 17. Qe2 Ne4 18. c4 dxc4 19. bxc4 cxd4 20. exd4 Nd6 21. Red1 Nxb5 22. axb5 Qa8 23. Ba3 Nf6 24. c5 Bxf3 {Sanal,V (2608)-Kalezic,B (2401) Budva MNE 2023 1-0 (76)}) 10... b6 11. Ne5 Bb7 12. Bg5 Nxe5 13. dxe5 Ng4 14. e4 Nxe5 15. exd5 Re8 16. Bf4 Nc4 17. Nd2 Nd6 18. Qb3 Ba6 19. Bf1 Bxf1 20. Kxf1 Rc8 21. Bxd6 Qxd6 22. Rad1 Rb8 23. Nc4 Qd7 24. Qb5 Qxb5 25. axb5 Bf8 26. f4 Red8 27. Kf2 Rb7 28. Kf3 Bg7 29. g4 Kf8 30. g5 Rbd7 31. h4 h5 32. Rd2 Rb8 33. Ke4 Rbd8 34. Red1 Rb8 35. f5 Ke8 36. fxg6 fxg6 37. Re1 Rbd8 38. Rf1 Rb8 39. Rdf2 e6 40. dxe6 Re7 41. Nd6+ Kd8 42. Kd5 1-0

[Event "FIDE World Cup 2023"]
[Site "Baku AZE"]
[Date "2023.08.01"]
[Round "1.5"]
[White "Kozul, Z."]
[Black "Sanal, V."]
[Result "1-0"]
[WhiteElo "2532"]
[BlackElo "2585"]
[PlyCount "115"]
[EventDate "2023.07.30"]
[EventType "k.o."]

1. Nf3 d5 2. g3 g6 3. Bg2 Bg7 4. d4 Nf6 5. O-O O-O 6. c3 c6 7. Bf4 Nbd7 8. a4 ({RR} 8. Qc1 Re8 9. c4 dxc4 10. Qxc4 Nb6 11. Qc1 Bg4 12. Rd1 Qc8 13. Nc3 Nfd5 14. Bh6 Nxc3 15. bxc3 Nc4 16. Re1 e5 17. Bxg7 Kxg7 18. Nd2 Nxd2 19. Qxd2 Bh3 20. e4 Bxg2 21. Kxg2 Qc7 22. c4 exd4 {Malakhov,V (2686)-Vitiugov,N (2722) St Petersburg 2017 ½-½ (34)}) 8... a5 9. Qb3 $146 ({RR} 9. Na3 Ne4 10. Nd2 f5 11. f3 Nxd2 12. Qxd2 e5 13. dxe5 Nxe5 14. Kh1 Re8 15. Rad1 Be6 16. Bh6 Bh8 17. Qc1 Qb6 18. h4 Nf7 19. Be3 Qb3 20. Qc2 Qxc2 21. Nxc2 Nd6 22. Bd4 Bf7 23. Bxh8 Kxh8 {Jayaweera,S (1745)-San Diego,M (2116) Tarvisio 2017 0-1 (57)}) ({RR} 9. Nbd2 h6 10. Ne5 g5 11. Nxd7 Nxd7 12. Be3 e5 13. dxe5 Nxe5 14. Bd4 f5 15. Nf3 Nxf3+ 16. exf3 f4 17. Re1 Rf7 18. Bxg7 Kxg7 19. Qd4+ Qf6 20. Re5 Bd7 21. Rae1 Kg8 22. g4 Rff8 23. Bf1 Qg7 {Schreiner,P (2425)-Subelj,J (2528) Austria AUT 2025 1-0 (51)}) 9... b6 10. Ne5 Nxe5 11. Bxe5 Ba6 12. Re1 Bh6 13. Bxf6 exf6 14. e3 b5 15. axb5 Bxb5 16. Na3 a4 17. Qc2 f5 18. Nxb5 cxb5 19. b3 Qd7 20. bxa4 bxa4 21. c4 Rfc8 22. c5 Ra5 23. Ra3 Rb8 24. Qa2 Rd8 25. Ra1 Rb8 26. Qxd5 Qb5 27. Bf1 Qe8 28. Qc4 Rba8 29. Bd3 Qd7 30. Bc2 f4 31. exf4 Bg7 32. Rd1 Qc6 33. h4 Bf6 34. Bb1 Kg7 35. Ba2 R8a7 36. Rc3 Rc7 37. Rc2 Qe4 38. Qd3 Qa8 39. Rc4 a3 40. Rb4 Rd7 41. Qb3 Re7 42. Rb6 Qe4 43. Rxf6 Kxf6 44. Qb6+ Kg7 45. Qxa5 Qf3 46. Rf1 Re2 47. Bc4 Rc2 48. Qa4 Qc3 49. Bd5 Kh6 50. Bxf7 Rd2 51. Bb3 Rd3 52. Bd5 Rxd4 53. Qa8 Qxc5 54. Bf3 Rd2 55. Qc6 Qd4 56. Qe8 Qc5 57. Qe5 Qa7 58. g4 1-0

[Event "FIDE World Cup 2023"]
[Site "Baku AZE"]
[Date "2023.08.02"]
[Round "2.1"]
[White "Keymer, Vincent"]
[Black "Dardha, Daniel"]
[Result "1-0"]
[WhiteElo "2690"]
[BlackElo "2600"]
[PlyCount "79"]
[EventDate "2023.07.30"]
[EventType "k.o."]

1. Nf3 d5 2. g3 g6 3. Bg2 Bg7 4. d4 Nf6 5. O-O c6 6. a4 O-O ({RR} 6... a5 7. c4 O-O 8. cxd5 Nxd5 9. Bg5 h6 10. Bd2 Nb4 11. Nc3 Bg4 12. Qc1 Kh7 13. Rd1 N8a6 14. Bf4 Nc7 15. Ne5 Be6 16. e4 Qc8 17. Rd2 Bh3 18. Bxh3 Qxh3 19. Nxg6 fxg6 20. Bxc7 Rf3 21. Qf1 {Mamedyarov,S (2740)-Sarana,A (2668) Almaty KAZ 2022 ½-½ (49)}) ({RR} 6... a5 7. Nbd2 O-O 8. b3 Bf5 9. Bb2 Ne4 10. Nh4 Nxd2 11. Qxd2 Be6 12. e3 c5 13. c3 cxd4 14. exd4 Nc6 15. Ba3 Qd7 16. Rfe1 Rfe8 17. Nf3 Rac8 18. Rac1 Bf5 19. Ne5 Nxe5 20. dxe5 Be6 21. h4 {Keymer,V (2721)-Mishra,A (2604) Biel SUI 2024 ½-½ (57)}) 7. a5 ({RR} 7. c4 Bf5 8. Ne5 Nbd7 9. a5 Bxb1 10. a6 Nxe5 11. axb7 Rb8 12. dxe5 Ne4 13. cxd5 cxd5 14. Rxb1 Rxb7 15. Bxe4 dxe4 16. Qa4 Qd5 17. Rd1 Qb3 18. Qxb3 Rxb3 19. Rd7 e6 20. Rxa7 Bxe5 21. Ra4 f5 {Garvin Mejia,R (1759)-Molina Ballesteros,J (1914) Medellin COL 2025 0-1 (31)}) 7... c5 $146 ({RR} 7... Ne4 8. Nbd2 Bf5 9. Nh4 Bxd4 10. Nxe4 dxe4 11. Nxf5 gxf5 12. g4 fxg4 13. Ra4 Bg7 14. Rxe4 Nd7 15. Rxg4 Nf6 16. Rg3 Kh8 17. Qe1 Qd4 18. e4 Rad8 19. Qe2 Qe5 20. f4 Qxa5 21. e5 Ne8 22. Rg5 {Naiditsch,A (2643)-Ganguly,S (2658) Linares 2019 0-1 (40)}) 8. dxc5 Nc6 9. c4 dxc4 10. Nc3 a6 11. Qa4 Nd5 12. Rd1 Nxc3 13. bxc3 Bd7 14. Qxc4 Qc8 15. Nd4 Rd8 16. Be3 Qc7 17. Rdb1 Rac8 18. Rb6 Nxa5 19. Qa2 Nc4 20. Rxb7 Qxc5 21. Ne6 Qxe3 22. fxe3 Bxe6 23. Rxe7 Bxc3 24. Rf1 Bg7 25. Rxe6 fxe6 26. Bh3 Kh8 27. Bxe6 Nxe3 28. Bxc8 Nxf1 29. Kxf1 Rxc8 30. Qxa6 Rf8+ 31. Kg2 Rf6 32. Qc8+ Rf8 33. Qe6 Rf6 34. Qe7 h5 35. e4 Ra6 36. e5 Ra2+ 37. Kf3 Rxh2 38. e6 Kh7 39. Qf7 Rh1 40. Kg2 1-0